[Event "Lubawka op"]
[Site "Lubawka"]
[Date "2006.07.13"]
[Round "6"]
[White "Rychlik, Hanna"]
[Black "Rychlik, Piotr"]
[Result "1/2-1/2"]
[WhiteElo "2032"]
[BlackElo "2103"]
[PlyCount "58"]
[EventDate "2006.07.08"]
[EventType "swiss"]
[EventRounds "9"]
[EventCountry "POL"]
[SourceTitle "EXT 2008"]
[Source "ChessBase"]
[SourceDate "2007.11.25"]
[SourceVersion "1"]
[SourceVersionDate "2007.11.25"]
[SourceQuality "1"]

1. d4 c5 2. c4 cxd4 3. Qxd4 Nc6 4. Qd1 Nf6 5. Nc3 g6 6. e4 Bg7 7. Nf3 0-0 8. h3 d6 9. Be3 Qa5 10. Qd2 Ne5 11. Nxe5 dxe5 12. Bd3 Bd7 13. Nd5 Qxd2+ 14. Bxd2 e6 15. Nxf6+ Bxf6 16. Bc3 Bg7 17. 0-0 Bc6 18. Rfe1 Rfd8 19. Bc2 Rd7 20. Rad1 Rad8 21. Rxd7 Rxd7 22. Kf1 f6 23. Ke2 Kf7 24. Rd1 Bf8 25. Rxd7+ Bxd7 26. b4 Ke8 27. a3 a5 28. Bd2 axb4 29. axb4 Bd6 1/2-1/2

[Event "Lubawka op"]
[Site "Lubawka"]
[Date "2006.07.11"]
[Round "4"]
[White "Sanetra, Piotr"]
[Black "Rychlik, Hanna"]
[Result "1/2-1/2"]
[WhiteElo "2087"]
[BlackElo "2032"]
[PlyCount "76"]
[EventDate "2006.07.08"]
[EventType "swiss"]
[EventRounds "9"]
[EventCountry "POL"]
[SourceTitle "EXT 2008"]
[Source "ChessBase"]
[SourceDate "2007.11.25"]
[SourceVersion "1"]
[SourceVersionDate "2007.11.25"]
[SourceQuality "1"]

1. e4 c5 2. c3 Nf6 3. e5 Nd5 4. d4 cxd4 5. Qxd4 e6 6. Nf3 Nc6 7. Qe4 f5 8. exf6 Nxf6 9. Qh4 d5 10. Bd3 Bd6 11. Bg6+ Ke7 12. Bc2 Qe8 13. 0-0 Qh5 14. Bg5 Qxh4 15. Bxh4 Bd7 16. Re1 Rae8 17. Nbd2 Kd8 18. Rad1 Kc8 19. a3 e5 20. Nc4 Bc7 21. Bxf6 dxc4 22. Bxg7 Rhg8 23. Bf6 Bg4 24. Kf1 Rgf8 25. Bh4 Bxf3 26. gxf3 Rxf3 27. Bg3 Rf7 28. Ba4 e4 29. Bxc6 bxc6 30. Bxc7 Kxc7 31. Ke2 Ref8 32. Rf1 Rf3 33. Rd4 e3 34. Rxc4 exf2 35. Re4 Rh3 36. Ra4 Kb6 37. Rb4+ Kc5 38. Rxf2 Rxf2+ 1/2-1/2